000 00225nam a2200085Ia 4500
008 220204s9999 xx 000 0 und d
082 _a06.055.5:633.72
_bTEA
245 0 _aTea Board, annual report, 1969-70, 1970-1971
942 _cBK
999 _c22299
_d22299